000 00695nam a2200289Ia 4500
005 20260324121901.0
008 008 260324s9999 xx 000 0 eng d
020 _a9780429477652
037 _aEBOOK
040 _aCRL
040 _beng
040 _cCRL
041 _2eng
041 _aeng
084 _qCRL
100 _aJohn Michael Greer
_91164254
245 0 _aNot the Future We Ordered
245 0 _bPeak Oil, Psychology, and the Myth of Progress
260 _bTaylor and Francis
260 _c2013
365 _a
365 _b220
856 _uhttp://www.taylorfrancis.com/books/9780429477652
942 _cEBOOK
999 _c1756623
_d1756623